00572 2200217 4500001002100000005001700021008004100038035002400079082001100103090002100114100002300135245004800158250001100206260002900217300001800246650004200264850001200306980001500318985000600333999001500339YOGYA-0209000006482020090227040337.0 ind  0010-020900000064820 a899.23 a899.23bSat MlT aSATI, Tulis, Sutan aMemutuskan pertaliancoleh Tulis Sutan Sati aCet. 1 aJakartabDepdikbudc1978 a72 hlmc21 cm aKesasteraan Indonesia - Cerita pendek aYOPDYOG a02-09-2008 a1 aa000059607